• 首页
  • 本馆介绍
  • 公告通知
  • 最新文献
  • 馆藏检索
  • 电子资源
  • 读者导购
  • 参考咨询
  • 我的图书馆
  • 登录
  • 详细信息显示
  • 放入我的书架
  • 预约/预借图书
  • 作者相关作品
  • 分类相关作品
  • 丛书相关作品
  • 出版社相关作品

书目信息

  • 表格格式
  • 工作单格式
  • 卡片格式
题名:
农药
    
 
作者: ;河北省植保土肥研究所 , 河北农业大学植物保护系 编
分册:  
出版信息: 石家庄   河北人民出版社  1975
页数: 57页
开本: 19cm
丛书名:
单 册:
中图分类: S482
科图分类:
主题词: 农药
电子资源:
ISBN:
000 00817nam0 2200241 45
001 0175003114
005 20060530093840.31
010    @dCNY0.17
100    @a19951030d1975 em y0chiy0121 ea
101 0  @achi
102    @aCN@b130000
105    @ay z 000yy
200 10 @a农药@Anong yao@f河北农业大学植物保护系, 河北省植保土肥研究所编@Fhe bei nong ye da xue zhi wu bao hu xi,he bei sheng zhi bao tu fei yan jiu suo bian
210    @a石家庄@c河北人民出版社@d1975
215    @a57页@d19cm
300    @a农作物病虫害防治手册
606    @a农药
690    @aS482@v3
711  0 @a河北省植保土肥研究所@Ahe bei sheng zhi bao tu fei yan jiu suo@4编
711  0 @a河北农业大学植物保护系@Ahe bei nong ye da xue zhi wu bao hu xi@4编
801  0 @aCN@bTSSF@c20060530
801  2 @aCN@bNLC@c20060220
905    @a10447@dS482@e28
    
    农药/河北农业大学植物保护系, 河北省植保土肥研究所编.-石家庄:河北人民出版社,1975
    57页;19cm
    农作物病虫害防治手册
    
    ISBN :CNY0.17
    
●
相关链接 在E读中查询图书 在五车中查询图书 在当当中查询图书 在豆瓣中查询图书


正题名:农药     索取号:S482/28         预约/预借

序号 登录号 条形码 馆藏地/架位号 状态 备注
1 0013190   202275723   密集书库/ [索取号:S482/28] 在馆    
2 0013191   202347353   密集书库/ [索取号:S482/28] 在馆    
3 0016225   202192518   密集书库/ [索取号:S482/28] 在馆    
唐山师范学院图书馆 欢迎您!
大连网信软件有限公司© 版权所有